000 00605nam a2200217Ia 4500
003 OSt
005 20220928134856.0
006 a|||||r|||| 00| 0
007 ta
008 220927b |||||||| |||| 00| 0 hin d
024 _a31036
037 _cReference Collections
040 _aSDCL
_cSDCL
_bhin
041 _2hin
_ahin
082 _aQ11:2x, M7.1-.12 RR
100 _aDivyanand
_9488693
245 0 _aVeda mrit.
260 _aSandeela
_bDivyanand Aadhyatmic Sansthan
_c1987
942 _hQ11:2x, M7.1-.12 RR
_cREF
_2CC
999 _c803821
_d803821